000
00249 a2200097 4500
005
20260413125030.0
020
_a
9781529052480
100
_a
Bond Michael
245
_a
Fans : a journe into the psychology of belonging
260
_b
Picador : London
_c
2023
999
_c
216583
_d
216583